| 000 | 01625cam a22002653a 4500 | ||
|---|---|---|---|
| 001 | 30851 | ||
| 003 | PGUSA | ||
| 005 | 20140828083652.0 | ||
| 008 | 100104s2010||||xxu|||||s|||||000 | eng d | ||
| 040 |
_aPGUSA _beng |
||
| 042 | _adc | ||
| 050 | 4 | _aPR | |
| 245 | 1 | 0 |
_aFifteenth Century Prose and Verse _h[electronic resource] |
| 260 |
_bProject Gutenberg, _c2010 |
||
| 505 | 0 | _aThe siege of Harfleur and the Battle of Agincourt / [by J. Lydgate?] -- The letter of Cupid / by T. Occleve -- A little geste of Robin Hood and his meiny and of the proud sheriff of Nottingham -- English carols, from a manuscript at Balliot College, Oxford -- The examination of Master William Thorpe, priest, of heresy, before Thomas Arundell, Archbishop of Canterbury, 1407 -- The examination of Sir John Oldcastle -- On translating the Bible: chapter XV of the prologue to the second recension of the Wycliffite version -- Dialogue between a lord and a clerk upon translation / by J. Trevisa -- Prefaces and epilogues / by W. Caxton -- A miracle play of the nativity: the pageant of the shearmen and tailors -- Everyman: a moral play -- Pleadings in Rastell v. Walton: a theatrical lawsuit, temp. Henry VIII. | |
| 506 | _aPublic domain in the USA. | ||
| 516 | _aElectronic text | ||
| 653 | _aEnglish literature -- Middle English, 1100-1500 | ||
| 653 | _aGreat Britain -- Social life and customs -- 1066-1485 -- Sources | ||
| 700 | 1 |
_aPollard, Alfred W. _q(Alfred William), _d1859-1944 |
|
| 740 | 0 | _a15th Century Prose and Verse | |
| 830 | 0 |
_aProject Gutenberg _v30851 |
|
| 856 | 4 | 0 | _uhttp://www.gutenberg.org/ebooks/30851 |
| 942 | _cEB | ||
| 999 |
_c260106 _d260106 |
||